Thakay Haaray (Record no. 9385)

000 -LEADER
fixed length control field 00389 a2200145 4500
040 ## - CATALOGING SOURCE
Original cataloging agency DLC
Language of cataloging DLC
082 ## - DEWEY DECIMAL CLASSIFICATION NUMBER
Classification number 891.4393
100 ## - MAIN ENTRY--PERSONAL NAME
Personal name Khadija Mastoor
245 ## - TITLE STATEMENT
Title Thakay Haaray
Statement of responsibility, etc. Khadija Mastoor
260 ## - PUBLICATION, DISTRIBUTION, ETC.
Place of publication, distribution, etc. Lahore:
Name of publisher, distributor, etc. Sang-e-meel Publications,
Date of publication, distribution, etc. 2004.
300 ## - PHYSICAL DESCRIPTION
Extent 260 p. ;
Dimensions 24 cm.
500 ## - GENERAL NOTE
General note Includes Index
650 ## - SUBJECT ADDED ENTRY--TOPICAL TERM
Topical term or geographic name entry element Urdu literature--short stories
942 ## - ADDED ENTRY ELEMENTS (KOHA)
Koha item type Book
Call number prefix 891.4393 KHA
Source of classification or shelving scheme
Holdings
Withdrawn status Lost status Damaged status Not for loan Collection code Permanent Location Current Location Shelving location Date acquired Source of acquisition Cost, normal purchase price Total Checkouts Full call number Barcode Date last seen Date last checked out Price effective from Koha item type
          Central Library (CL) Central Library (CL) Fiction 04/16/2007 Saeed Book Bank 180.00 2 891.4393 KHA SEECS008375 07/24/2022 06/16/2022 01/05/2017 Book
© 2023 Central Library, National University of Sciences and Technology. All Rights Reserved.